Agenda : guia de l'estudiant / guia de l'estudiant /
Descripción Física:
Il·lustracions ; 21 cm 150 pàgines :
Otros Autores:
Olmos, Mariona
MARC
| LEADER | 00000nam a2200000Ia 4500 | ||
|---|---|---|---|
| 001 | 18072, 22047, 20981, 22216, 23340, 23806, 23906, 25625, 25672, 25972, 26240 | ||
| 008 | 160829s2000 xx 000 0 cat d | ||
| 017 | |a DL B 19908-2015 | ||
| 080 | |a B-2-102, B-2-199, B-2-168, B-2-206, B-2-252, Bib-51 | ||
| 080 | |a Bib-51 | ||
| 080 | |a Bib-120 | ||
| 080 | |a Bib-569 | ||
| 080 | |a Bib-586 | ||
| 080 | |a Bib-686 | ||
| 110 | 1 | |a Institut del Teatre (Barcelona, Catalunya). |b Escola d'Ensenyament Secundari i Conservatori Professional de Dansa |9 53116 | |
| 245 | |a Agenda : |b guia de l'estudiant / |c Escola d'Ensenyament Secundari i Artístic. Conservatori Professional de Dansa | ||
| 260 | |a Barcelona : |b Diputació de Barcelona. Institut del Teatre, |c 2000- | ||
| 300 | |b Il·lustracions ; |c 21 cm |a 150 pàgines : | ||
| 310 | |a Anual | ||
| 362 | |a 2000-2001- | ||
| 590 | |a A la coberta: l'Agenda. | ||
| 590 | |a L'agenda de 2003 - 2004 varia el subtítol: Conservatori Professional de Dansa de l'Institut del Teatre. | ||
| 590 | |a L'agenda de 2009 - 2010 inclou la guia de l'estudiant i els premis de prosa i de poesia de Sant Jordi 2009. | ||
| 590 | |a L'agenda de 2011 - 2012 inclou la guia de l'estudiant, els premis de prosa i de poesia de Sant Jordi 2011 i imatges de totes les promocions. | ||
| 590 | |a A partir de 2019, fotografies de Mariona Olmos | ||
| 610 | 1 | 0 | |a Institut del Teatre (Barcelona, Catalunya). |b Escola d'Ensenyament Secundari i Conservatori Professional de Dansa |9 53116 |
| 610 | 1 | 0 | |9 53117 |a Institut del Teatre (Barcelona, Catalunya). |b Conservatori Professional de Dansa |v Currículums |
| 655 | 0 | |a Agendes |9 52728 | |
| 700 | |9 53118 |a Olmos, Mariona |e fotografies | ||
| 710 | 1 | |9 52662 |a Institut del Teatre (Barcelona, Catalunya) | |
| 866 | |a 2000-2001, 2003-2004, 2006-2007, 2009-2010, 2012-2013, 2013-2014, 2014-2015, 2015-2016, 2018-2019, 2019-2020 | ||
| 901 | |a Arxiu | ||
| 942 | |2 udc |c ARXIU |n 1 | ||
| 952 | |0 0 |1 0 |4 0 |6 B2102_B2199_B2168_B2206_B2252_BIB51 |7 1 |9 55080 |a Arxiu |b Arxiu |d 2016-12-01 |l 0 |o B-2-102, B-2-199, B-2-168, B-2-206, B-2-252, Bib-51 |p 18072, 22047, 20981, |r 2016-12-01 00:00:00 |w 2016-12-01 |y ARXIU | ||
| 952 | |0 0 |1 0 |4 0 |7 1 |9 55269 |a Arxiu |b Arxiu |d 2016-12-01 |h 2012-2013 |o Bib-51 |p 23806 |r 2016-12-01 00:00:00 |w 2016-12-01 |y ARXIU | ||
| 952 | |0 0 |1 0 |4 0 |7 1 |9 55270 |a Arxiu |b Arxiu |d 2016-12-01 |h 2013-2014 |o Bib-120 |p 23966 |r 2016-12-01 00:00:00 |w 2016-12-01 |y ARXIU | ||
| 952 | |0 0 |1 0 |4 0 |7 1 |9 62009 |a Arxiu |b Arxiu |d 2022-05-24 |h 2015-2016 |o Bib-569 |p 25625 |r 2022-05-24 00:00:00 |w 2022-05-24 |y ARXIU | ||
| 952 | |0 0 |1 0 |4 0 |7 1 |9 62067 |a Arxiu |b Arxiu |d 2022-05-26 |h 2018-2019 |o Bib-586 |p 25672 |r 2022-05-26 00:00:00 |w 2022-05-26 |y ARXIU | ||
| 952 | |0 0 |1 0 |4 0 |7 1 |9 62437 |a Arxiu |b Arxiu |d 2022-06-16 |h 2019-2020 |o Bib-686 |p 25972 |r 2022-06-16 00:00:00 |w 2022-06-16 |y ARXIU | ||
| 952 | |0 0 |1 0 |4 0 |6 NBM1455 |7 1 |9 62766 |a Arxiu |b Arxiu |d 2022-07-12 |h 2014-2015 |l 0 |o NBM-14-55 |p 26240 |r 2022-07-12 00:00:00 |w 2022-07-12 |y ARXIU | ||
| 999 | |c 58952 |d 58952 | ||